Library of the University of Algiers 3
Ibrahim Sultan Cheibout
شعار جامعة الجزائر 3
مكتبة جامعة الجزائر 3
إبراهيم سلطان شيبوط

الإتجاهات المعاصرة في التحليل المالي : (رقم التسجيلة. 43032)

تفاصيل مارك
000 -LEADER
fixed length control field 01346nam a2200229Ia 4500
003 - CONTROL NUMBER IDENTIFIER
control field Ost
005 - DATE AND TIME OF LATEST TRANSACTION
control field 20260507075117.0
008 - FIXED-LENGTH DATA ELEMENTS--GENERAL INFORMATION
fixed length control field 260507s9999||||xx |||||||||||||| ||und||
020 ## - INTERNATIONAL STANDARD BOOK NUMBER
International Standard Book Number 6030339957
040 ## - CATALOGING SOURCE
Transcribing agency fsecg
041 ## - LANGUAGE CODE
Language code of text/sound track or separate title ara
082 ## - DEWEY DECIMAL CLASSIFICATION NUMBER
Classification number 657.3
100 ## - MAIN ENTRY--PERSONAL NAME
Personal name الحيالي، وليد ناجي
Relator term مؤلف
245 #0 - TITLE STATEMENT
Title الإتجاهات المعاصرة في التحليل المالي :
Remainder of title منهج علمي وعملي متكامل /
Statement of responsibility, etc. وليد ناجي الحيالي
260 ## - PUBLICATION, DISTRIBUTION, ETC.
Place of publication, distribution, etc. عمان:
Name of publisher, distributor, etc. الوراق للنشر والتوزيع,
Date of publication, distribution, etc. 2004
300 ## - PHYSICAL DESCRIPTION
Extent 272 صفحة؛
Other physical details إيضاحات ؛
Dimensions 25 سم
520 ## - SUMMARY, ETC.
Summary, etc. مقومات وخطوات التحليل المالي- الطرق والأساليب الفنية المستخدمة في التحليل المالي- النسب المالية لقائمة الدخل- النسب المشتركة والنسب المعيارية- المقارنات (الإتجاهات) الرأسية- الأساليب البحثية- تحليل مؤشرات نتائج الآداء- تحليل المبيعات- تحليل قوى العمل الحي- التحليل المالي لأغراض التنبؤ بالفشل المالي
653 ## - INDEX TERM--UNCONTROLLED
Uncontrolled term التحليل المالي
653 ## - INDEX TERM--UNCONTROLLED
Uncontrolled term الرياضيات المالية
653 ## - INDEX TERM--UNCONTROLLED
Uncontrolled term المحاسبة التحليلية
942 ## - ADDED ENTRY ELEMENTS (KOHA)
Koha item type كتب
المقتنيات
Withdrawn status Lost status Source of classification or shelving scheme Damaged status Not for loan Home library Current library Date acquired Serial enumeration / chronology Inventory number Total checkouts Full call number Barcode Date last seen Price effective from Koha item type
    Dewey Decimal Classification   NOT LOAN / إعارة داخلية مكتبة كلية العلوم الإقتصادية والعلوم التجارية وعلوم التسيير مكتبة كلية العلوم الإقتصادية والعلوم التجارية وعلوم التسيير 07/05/2026 الطابق الأرضي 1948/1   أ/1948ن1 1948/1 07/05/2026 07/05/2026 كتب
    Dewey Decimal Classification   Available مكتبة كلية العلوم الإقتصادية والعلوم التجارية وعلوم التسيير مكتبة كلية العلوم الإقتصادية والعلوم التجارية وعلوم التسيير 07/05/2026 الطابق الثاني 1948/2   أ/1948ن2 1948/2 07/05/2026 07/05/2026 كتب

موارد الويب المفتوحة


© University of Algiers 3 All Rights Reserved
|
Implemented by LECHELAH Riad